Normal view
MARC view
- MAHBOOB ,ATHAR ZUBAIRI AHMED JUNAID
Entry Personal Name
001 - CONTROL NUMBER
- control field: 89398
003 - CONTROL NUMBER IDENTIFIER
- control field: NUST
005 - DATE AND TIME OF LATEST TRANSACTION
- control field: 20220223110616.0
008 - FIXED-LENGTH DATA ELEMENTS
- fixed length control field: 220223|| aca||aabn | a|a d
040 ## - CATALOGING SOURCE
- Original cataloging agency: NUST
- Transcribing agency: NUST
100 ## - HEADING--PERSONAL NAME
- Personal name: MAHBOOB ,ATHAR ZUBAIRI AHMED JUNAID
670 ## - SOURCE DATA FOUND
- Source citation: Work cat.: (NUST): MAHBOOB ,ATHAR ZUBAIRI AHMED JUNAID., CYBER SECURITY STANDARD /, 2012.
